Subdivision capitals closest to Dresden (DE) - Statistics

General Stats
  • This quiz has been taken 40 times
  • The average score is 8 of 20
Answer Stats
Distance (km) Answer % Correct
8 164 Berlin
100%
4 117 Praha
97%
12 190 Erfurt
82%
11 188 Magdeburg
82%
6 157 Potsdam
82%
15 230 Wrocław
55%
5 147 Plzeň
52%
2 98 Liberec
48%
17 267 Poznań
39%
1 48 Ústí nad Labem
30%
3 110 Karlovy Vary
27%
9 174 Hradec Králové
21%
18 270 Szczecin
21%
7 157 Zielona Góra
21%
19 297 Opole
18%
10 183 Pardubice
18%
16 237 České Budějovice
12%
13 213 Gorzów Wielkopolski
12%
20 297 Olomouc
12%
14 226 Jihlava
9%
No matching quizzes found
Score Distribution
Percent of People with Each Score
Percentile by Number Answered
Your Score History
You have not taken this quiz